Obras escogidas / (Record no. 97142)

MARC details
000 -LEADER
campo de control de longitud fija 00549nam a2200205 i 4500
001 - NÚMERO DE CONTROL
campo de control 97142
003 - IDENTIFICADOR DE NÚMERO DE CONTROL
campo de control ES-MaACL
005 - FECHA Y HORA DE LA ÚLTIMA TRANSACCIÓN
campo de control 20260521123125.0
007 - CAMPO FIJO DE DESCRIPCIÓN FÍSICA--INFORMACIÓN GENERAL
campo de control de longitud fija t|
008 - DATOS DE LONGITUD FIJA--INFORMACIÓN GENERAL
campo de control de longitud fija 050707m19741978sp ||||1| spa d
100 1# - ENTRADA PRINCIPAL--NOMBRE DE PERSONA
Nombre de persona Mao, Zedong,
Fechas asociadas al nombre 1893-1976
9 (RLIN) 170492
245 10 - MENCIÓN DEL TÍTULO
Título Obras escogidas /
Mención de responsabilidad, etc. de Mao Tse-Tung.
260 ## - PUBLICACIÓN, DISTRIBUCIÓN, ETC.
Lugar de publicación, distribución, etc. Madrid :
Nombre del editor, distribuidor, etc. Fundamentos,
Fecha de publicación, distribución, etc. 1974-78.
300 ## - DESCRIPCIÓN FÍSICA
Extensión 5 v. ;
Dimensiones 19 cm.
490 1# - MENCIÓN DE SERIE
Mención de serie Ciencia ;
Designación de volumen o secuencia 50
505 8# - NOTA DE CONTENIDO CON FORMATO
Nota de contenido con formato Son los v. 1,2,3,4 y 5
830 0# - PUNTO DE ACCESO ADICIONAL DE SERIE-TÍTULO UNIFORME
Título uniforme Ciencia ;
Designación de volumen o secuencia 50
9 (RLIN) 178487
852 ## - LOCALIZACIÓN
Ubicación ES-MaACL
Número de control de estantería P-84
Sublocalización o colección R.90425
Holdings
Estatus retirado Estado de pérdida Estado de daño No para préstamo Biblioteca de origen Biblioteca actual Ubicación en estantería Fecha de adquisición Fuente de adquisición Total de préstamos Signatura topográfica completa Código de barras Visto por última vez Precio de reemplazo Tipo de ítem Koha
        Biblioteca del Ateneo de Madrid Biblioteca del Ateneo de Madrid Depósito 2 17/01/2008     P-84 1101416 23/02/2023 23/02/2023 Libro impreso